Tackling Africa's Problems. (Record no. 7877)

MARC details
000 -LEADER
fixed length control field 00488nam a22001697a 4500
003 - CONTROL NUMBER IDENTIFIER
control field OSt
005 - DATE AND TIME OF LATEST TRANSACTION
control field 20220412124428.0
008 - FIXED-LENGTH DATA ELEMENTS--GENERAL INFORMATION
fixed length control field 220412b ||||| |||| 00| 0 eng d
020 ## - INTERNATIONAL STANDARD BOOK NUMBER
International Standard Book Number 9789970939206
040 ## - CATALOGING SOURCE
Transcribing agency DDC
100 ## - MAIN ENTRY--PERSONAL NAME
Personal name Museven, Yoweri K.
9 (RLIN) 16010
245 ## - TITLE STATEMENT
Title Tackling Africa's Problems.
260 ## - PUBLICATION, DISTRIBUTION, ETC. (IMPRINT)
Place of publication, distribution, etc. Kampala Uganda:
Name of publisher, distributor, etc. Political Directorate of H.E the president ot the Republic of Uganda.
300 ## - PHYSICAL DESCRIPTION
Extent 404p.;
Dimensions 23cm.
650 ## - SUBJECT ADDED ENTRY--TOPICAL TERM
Topical term or geographic name as entry element Africa's Problems.
9 (RLIN) 16011
942 ## - ADDED ENTRY ELEMENTS (KOHA)
Source of classification or shelving scheme Dewey Decimal Classification
Koha item type Book
Holdings
Withdrawn status Lost status Source of classification or shelving scheme Damaged status Not for loan Home library Current library Date acquired Source of acquisition Inventory number Total Checkouts Full call number Barcode Date last seen Price effective from Koha item type
    Dewey Decimal Classification     MUST Main Library MUST Main Library 12/04/2022 Purchase 17/40111   614.5 MUS 2014 2022-0645 12/04/2022 12/04/2022 Book